01076cam a22002651 4500001001300000003000400013005001700017008004100034010001700075035002000092040005200112042001200164050002500176082001300201110010600214245005400320260017300374300001800547490001700565504003100582650005800613650002900671650002400700810008600724sd 49000234 DLC20260227112735.0910429s1943 dcu b f000 0 eng c asd 49000234  a(OCoLC)23660568 aU.S. Dept. of State. LibrarycCSt-HdCSt-HdDLC apremarc00aUB250b.U33 no. 1033 a940.53431 aUnited States.bOffice of Strategic Services.bResearch and Analysis Branch.bEurope-Africa Division.14aThe Free Germany manifesto and the German people. a[Washington]bOffice of Strategic Services, Branch of Research and Analysis, Europe-Africa Division, Psychological Warfare Subdivision, Central European Section,c1943. a21 p.c27 cm.1 aR & Av#1033 aBibliographical footnotes. 0aWorld War, 1939-1945xUnderground movementszGermany. 0aPublic opinionzGermany. 0aCommunismzGermany.1 aUnited States.bDepartment of State.bOffice of Intelligence.tR & A ;vno. 1033.